How to know wildflowers near your camp.

Bibliographic Details
Corporate Author: United States. Forest Service
Format: Government Document Book
Language:English
Published: [Ogden, Utah] : USDA, Forest Service, [2004]
Edition:Revised/reprint 2004.
Subjects:
Online Access:https://purl.fdlp.gov/GPO/LPS68590

MARC

Tag First Indicator Second Indicator Subfields
LEADER 00000cam a2200000Ka 4500
001 in00002193421
005 20211202204112.0
006 m d f
008 060407s2004 utu s f000 0 eng d
035 |a (OCoLC)ocm65672175 
040 |a GPO  |c GPO  |d MvI  |d UtOrBLW 
049 |a WWW 
074 |a 0086-C (online) 
086 0 |a A 13.36/2:W 64/4/2004 
245 0 0 |a How to know wildflowers near your camp. 
250 |a Revised/reprint 2004. 
264 1 |a [Ogden, Utah] :  |b USDA, Forest Service,  |c [2004] 
300 |a 12 pages :  |b digital, PDF file. 
336 |a text  |b txt  |2 rdacontent 
337 |a computer  |b c  |2 rdamedia 
338 |a unspecified  |b zu  |2 rdacarrier 
500 |a "reprint 2004." 
500 |a "22.11.400.02/99." 
500 |a Title from title screen (viewed on Apr. 7, 2006). 
538 |a Mode of access: Internet from the Forest Service web site. Address as of 4/7/2006: http://www.fs.fed.us/r4/maps/brochures/wildflowers%5fnear%5fcamp.pdf; current access available via PURL. 
500 |a Electronic resource. 
650 0 |a Wild flowers  |z Utah  |v Handbooks, manuals, etc. 
710 1 |a United States.  |b Forest Service. 
856 4 0 |u https://purl.fdlp.gov/GPO/LPS68590  |t 0 
999 |a MARS 
999 f f |s 98929b66-3a35-33dc-a7ec-6cf481f4095c  |i dd289ded-acb9-3aec-b308-936a69f3d33c  |t 0 
952 f f |a Texas A&M University  |b College Station  |c Electronic Resources  |d Available Online  |t 0  |e A 13.36/2:W 64/4/2004  |h Superintendent of Documents classification 
998 f f |a A 13.36/2:W 64/4/2004  |t 0  |l Available Online